| 000 | 01220nam a2200421 a 4500 | ||
|---|---|---|---|
| 001 | 21962 | ||
| 003 | CZ PrNK | ||
| 005 | 20260316114955.0 | ||
| 007 | ta | ||
| 008 | 081027s2008 xr a a 000 j slo | ||
| 015 | _acnb001824838 | ||
| 020 |
_a9788025210413 _q(váz.) |
||
| 035 | _a(OCoLC)276818702 | ||
| 040 |
_aABA001 _bcze |
||
| 041 | 1 |
_aslo _hcze |
|
| 072 | 7 |
_a821-93 _xLiteratura pro děti a mládež (beletrie) _2Konspekt |
|
| 080 |
_a821-93 _2MRF |
||
| 080 |
_a821-32 _2MRF |
||
| 080 |
_a(0:82-32) _2MRF |
||
| 100 | 1 |
_aCmíral, Pavel, _d1945- _4aut |
|
| 245 | 1 | 0 |
_aDumbo / _crozpráva Pavel Cmíral |
| 250 | _a2. vyd. | ||
| 260 |
_aV Prahe : _bEgmont ČR, _c2008 |
||
| 300 |
_a64 s. : _bbarev. il. ; _c30 cm |
||
| 490 | 1 | _aKúzelná zbierka rozprávok | |
| 500 | _aPřeloženo z češtiny | ||
| 500 | _aNad názvem: Disney | ||
| 500 | _aPodle anglického vyd. | ||
| 655 | 7 |
_apříběhy _2czenas |
|
| 655 | 7 |
_apublikace pro děti _2czenas |
|
| 655 | 9 |
_astories _2eczenas |
|
| 655 | 9 |
_achildren's literature _2eczenas |
|
| 710 | 2 | _aWalt Disney Enterprises | |
| 830 | 0 | _aKúzelná zbierka rozprávok | |
| 901 |
_b9788025210413 _f2. vyd. _o20081223 |
||
| 910 | _aABA001 | ||
| 942 |
_2ddc _cKLDE _n0 |
||
| 999 |
_c21962 _d21962 |
||